000 00505nam a2200193Ia 4500
005 20240822062456.0
008 240331s9999 xx 000 0 und d
020 _a0140249478
082 _bMCF
_a420
100 _aMcFarlane, J.A. & Clements,W
245 4 _aThe globe and mail style book :
_ba guide to language and usage
250 _a3rd
260 _aToranto
_bPenguin Group
_c1995
300 _a405 p .,
650 _aJournalism
650 _aEnglish Language
650 _aHistory
942 _cL
999 _c3012
_d3012